000 00878cab a2200265 4500
001 ABS59807
008 090401t1999 xxu||||| |||| 00| 0 eng d
035 _a(Sirsi) u90431
041 _aeng
100 _aRobertson, J
245 _aTransfer fever
260 _c1999
350 _a0
490 _aRoof
_v24(1) January 1999, 19-21(3)
520 _aDiscussion on the introduction of the new housing partnerships strategy in Scotland. Considers the proposal for Glasgow, to transfer its entire housing stock out of the public sector to a single housing trust. Reviews the wider implications of the change with regard to local government.
650 _aGLASGOW
650 _aHOUSING TRUSTS
650 _aINVESTMENT
650 _aNEW HOUSING PARTNERSHIPS
650 _aSCOTLAND
650 _aTRANSFERS
690 _aHOUSING
942 _n0
948 _c22/12/1998
999 _c57337
_d57337